Taylor Swift - Acronym Song Quiz - Statistics

General Stats
  • This quiz has been taken 51 times
  • The average score is 28 of 36
Answer Stats
Album Acronym Song % Correct
Red WANEGBT We Are Never Ever Getting Back Together
95%
1989 AYHTDWS All You Had To Do Was Stay
93%
reputation LWYMMD Look What You Made Me Do
93%
Fearless YBWM You Belong With Me
90%
folklore TLGAD the last great american dynasty
88%
Midnights YOYOK You're On Your Own, Kid
88%
Lover DBATC Death By A Thousand Cuts
85%
Red IBYTAM I Bet You Think About Me
85%
THE TORTURED POETS DEPARTMENT ICDIWABH I Can Do It With a Broken Heart
83%
Taylor Swift TOMG Teardrops On My Guitar
83%
1989 WTNY Welcome To New York
83%
Lover YNTCD You Need To Calm Down
83%
Speak Now BTR Better Than Revenge
80%
evermore RWYLM right where you left me
80%
Midnights SOTB Snow On The Beach
80%
THE TORTURED POETS DEPARTMENT BDILH But Daddy I Love Him
78%
THE TORTURED POETS DEPARTMENT COSOSOM Chloe or Sam or Sophia or Marcus
78%
reputation DWOHT Dancing With Our Hands Tied
78%
1989 HYGTG How You Get The Girl
78%
reputation IDSB I Did Something Bad
78%
Lover IFTYE I Forgot That You Existed
78%
Speak Now TSOU The Story Of Us
78%
The Life of a Showgirl TLOAS The Life of a Showgirl
76%
Fearless TWILY The Way I Loved You
73%
Red CBBH Come Back...Be Here
71%
The Life of a Showgirl TFOO The Fate of Ophelia
68%
folklore TIMT this is me trying
68%
Fearless TOSOTD The Other Side Of The Door
66%
evermore TTDS 'tis the damn season
66%
Taylor Swift TTWAS Tied Together with a Smile
63%
Midnights BTTWS Bigger Than The Whole Sky
61%
evermore ITTG it's time to go
61%
folklore MTR my tears ricochet
61%
The Life of a Showgirl RTF Ruin The Friendship
61%
Speak Now WEFIL When Emma Falls in Love
61%
Taylor Swift APGH A Perfectly Good Heart
59%
No matching quizzes found
Score Distribution
Percent of People with Each Score
Percentile by Number Answered
Your Score History
You have not taken this quiz